World Organization by Map Quiz Stats

Quiz Updated Apr 20, 2017

Challenge
Share
Tweet
Score 0/20 Timer 08:00
0 Plays Today
% Correct
North Atlantic Treaty Organization (NATO)
95.7%
European Union (EU)
75.5%
United Nations (UN)
64.9%
Commonwealth of Nations
62.7%
Organization of the Petroleum Exporting Countries (OPEC)
45.6%
African Union (AU)
42.2%
League of Arab States (Arab League)
38.5%
League of Nations
32.5%
Association of Southeast Asian Nations (ASEAN)
26.2%
Treaty of Friendship, Co-operation, and Mutual Assistance (Warsaw Pact)
26%
% Correct
Organization of American States (OAS)
17.4%
Commonwealth of Independent States (CIS)
14.1%
Organisation Internationale de la Francophonie (OIF)
12.8%
Asia-Pacific Economic Cooperation (APEC)
12.3%
Nordic Council (NC)
9.6%
Southern Common Market (MERCOSUR or MERCOSUL)
9.1%
Caribbean Community (CARICOM)
7.4%
Organization of Islamic Cooperation (OIC)
7.3%
Shanghai Cooperation Organisation (SCO)
3.6%
Pacific Islands Forum (PIF)
2.4%

You're not logged in!

Compare scores with friends on all Sporcle quizzes.
Join for Free
OR
Log In

You Might Also Like...

Show Comments

Extras

Top Quizzes Today


Score Distribution

Your Account Isn't Verified!

In order to create a playlist on Sporcle, you need to verify the email address you used during registration. Go to your Sporcle Settings to finish the process.

Report this User

Report this user for behavior that violates our Community Guidelines.

Details: